000 00640nam a2200277Ia 4500
005 20260324125054.0
008 008 260324s9999 xx 000 0 eng d
020 _a9780429138706
037 _aEBOOK
040 _aCRL
040 _beng
040 _cCRL
041 _2eng
041 _aeng
084 _qCRL
100 _aStefano Lonardi; Jake Y. Chen
_91176584
245 0 _aBiological Data Mining
260 _bTaylor and Francis
260 _c2009
365 _a
365 _b420
856 _uhttp://www.taylorfrancis.com/books/9780429138706
942 _cEBOOK
999 _c1771520
_d1771520